000 00469nam a2200181Ia 4500
003 OSt
005 20240516153000.0
008 210210b1953 xxu||||| |||| 00| 0 eng d
040 _cAL
041 _akan
082 _a859/1034
100 _aNIRANJANA
_9145832
_dನಿರಂಜನ
245 _aAnnapurna
_bಅನ್ನಪೂರ್ಣ
260 _aDharavada
_bSamaja Pustakalaya
_c1953
690 _aKannada Fiction
_9145833
906 _a021779
942 _2ddc
_cBK
999 _c145879
_d145879